000 00661pam a2200241 i 4500
001 1826567
005 20180302035057.0
008 800604s1981 nyu b 000 0 eng
010 _a 80018099
020 _a0195028317
020 _a0195028325 (pbk.)
040 _aDLC
_cDLC
_dDLC
041 _aeng
043 _ae------
080 _a303.4830
082 0 0 _a303.4830 HEA
100 1 _a19
101 _aSHP
245 1 4 _aThe tools of empire :
_cDaniel R. Headrick.
504 _aBibliography: p. 211-213.
906 _a7
_bcbc
_corignew
_du
_eocip
_f19
_gy-gencatlg
942 _2ddc
_cBK
999 _c43943
_d43943